00637cam a22002055a 450000500170000000800410001701000140005802000260007203500130009803700130011104000130012408200120013710000200014924500500016926000510021927000580027030000270032850000500035552000260040520091103014612.0090911s2009 ii ab b 100 0 eng d aENG-95324 a9788131305805c695.00 aEN-78857 aDBAD/PUB aDPLbeng a375.001 aSharma, Promila aPrinciples of curriculum /cby Promila Sharma aNew Delhi :bAPH Publishing Corporationc2009. a4435-36/7. Ansari road, Darya GanjbNew Delhie110002 axi, 300p.c22 cm. (Hb) aIncludes bibliographical references and Index aContributed articles.